ロード中...
Knowledge as Property Issues in the Moral Grounding of Intellectual Property Rights
| 第一著者: | |
|---|---|
| フォーマット: | Printed Book |
| 出版事項: |
New Delhi
Oxford
2012
|
| 主題: |
| LEADER | 00518nam a22001457a 4500 | ||
|---|---|---|---|
| 020 | |a 978-0-19-806557-9 | ||
| 082 | |a 346.0481 RAJ/K | ||
| 100 | |a Rajshree Chandra | ||
| 245 | |a Knowledge as Property Issues in the Moral Grounding of Intellectual Property Rights | ||
| 260 | |a New Delhi |b Oxford |c 2012 | ||
| 300 | |a 374 | ||
| 650 | |a Law, Patent, Human Rights | ||
| 942 | |c BK | ||
| 999 | |c 135232 |d 135228 | ||
| 952 | |0 0 |1 0 |4 0 |6 346_048100000000000_RAJ_K |7 0 |9 134136 |a SCP |b SCP |d 2014-06-09 |l 0 |o 346.0481 RAJ/K |p SCP05956 |r 2014-06-09 |w 2014-06-09 |y BK | ||